000 01243nam a22002537a 4500
999 _c58154
_d58154
003 Ge_BSU
005 20210708115403.0
008 210707s2021 ge ||||| |||| 00| 0 geo d
020 _a9789941269721
041 _ageo
080 _a330 ზ-78
100 _aზოიძე, გია
_912210
245 _aინსტიტუციონალური ეკონომიკის ძირითადი პარადიგმები /
_cგია ზოიძე; რედ. თეიმურაზ შენგელია.
264 _aთბილისი :
_bუნივერსალი,
_c2021.
300 _a201 გვ. :
_bცხრ.;
_c20 სმ.
500 _aპარალ. სათაური ინგლ.
504 _aბიბლიოგრ. გვ. 182-193
520 _aრეზიუმე ქართულ და ინგლ. ენაზე
653 _aეკონომიკა
653 _aინსტიტუციონალიზმი
653 _aსაქართველო საერთაშორისო რეიტინგებში
700 _aშენგელია, თეიმურაზ
_eრედაქტორი
_9814
942 _2udc
_cBK